00763nam a2200229Ii 45000010005000000030009000050080041000140200015000550400033000700410008001030820015001111000018001262450022001442640066001663000012002323360026002443370028002703380027002989400050003259990017003759520141003925545CO-ViMGA241108s9999||||xx |||||||||||||| ||und|| a843481000X aCO-ViMGAbspaerdacCO-ViMGA0 aunk04a839.7-G8461 aMaría Gripe10a abrigo verde 1a[Lugar de publicación no identificado] : Ediciones SM, 1986 avolumen atextbtxt2rdacontent aunmediatedbn2rdamedia avolumebnc2rdacarrier aidficha_siabuc: 5399. -- ficha_no_siabuc:5545 c53972d53972 001040708001aMEVIGERRbMEVIGERRcGENd2006-11-27hVol.1o839.7-G846pECA4643r2024-11-26 10:41:01tEj.1w2024-11-26yBKz5399 | 7636